Futaribeya Vol #2 /

Sakurako Kawawa settles into her new apartment with her lazy, easygoing, and stunningly beautiful roommate, Kasumi Yamabuki, who lives life at her own pace. This four-panel-style comic follows the everyday life of these two high school roommates as they go to class together, tackle the mundane nece...

Full description

Bibliographic Details
Corporate Author: Library Pass, LLC
Format: eBook
Language:English
Published: [United States] : Tokyopop, 2020.
Subjects:
Online Access:Connect to this electronic book (First time users create your free account)

MARC

Tag First Indicator Second Indicator Subfields
LEADER 00000nmm a22000001a 4500
001 in00004617513
006 m|||||o||m||||||||
007 cr|cn |||uuuuu
008 221118s2020 xxu||||eo|||| ||||||eng d
005 20221207215350.8
035 |a (TxWaIVM)IV78666ToFu 
040 |a TxWaIVM  |c TxWaIVM 
245 0 0 |a Futaribeya Vol #2 /  |c powered by Library Pass. 
260 3 |a [United States] :  |b Tokyopop,  |c 2020. 
300 |a 1 online resource. 
336 |a text  |b txt  |2 rdacontent 
337 |a computer  |b c  |2 rdamedia 
338 |a online resource  |b cr  |2 rdacarrier 
520 |a Sakurako Kawawa settles into her new apartment with her lazy, easygoing, and stunningly beautiful roommate, Kasumi Yamabuki, who lives life at her own pace. This four-panel-style comic follows the everyday life of these two high school roommates as they go to class together, tackle the mundane necessities of laundry and grocery shopping for two, and learn more about one another in a cute and heartwarming series of short stories. This is Volume 2 of the series. 
521 |a 3 
538 |a Requires a valid library card and registration for new users. 
538 |a Mode of access: World Wide Web. 
538 |a System requirements: Flash 10.1 or higher, Windows XP and higher, Internet Explorer 7 and higher, Firefox 3.6 and higher, Google Chrome; Max OS 10.5 and higher, Safari 4 and higher. 
650 0 |a Humor 
655 7 |a Electronic books.  |2 local 
655 7 |a Humor  |2 gsafd 
650 0 |a Biographical comic books, strips, etc. 
655 7 |a Biographical comic books, strips, etc.  |2 gsafd 
650 0 |a Comic books, strips, etc. --Women 
655 7 |a Comic books, strips, etc. --Women  |2 gsafd 
650 0 |a Comic books, strips, etc. 
655 7 |a Comic books, strips, etc.  |2 gsafd 
650 0 |a Romance comic books, strips, etc. 
655 7 |a Romance comic books, strips, etc.  |2 gsafd 
650 0 |a Comic books, strips, etc. --Students 
655 7 |a Comic books, strips, etc. --Students  |2 gsafd 
650 0 |a Comic books, strips, etc. 
655 7 |a Comic books, strips, etc.  |2 gsafd 
650 0 |a Josei 
655 7 |a Josei  |2 gsafd 
710 2 |a Library Pass, LLC. 
856 4 0 |u http://proxy.library.tamu.edu/login?url=https://tamu.librarypass.com/product/com.iversecomics.tokyopop.futaribeya.vol.two.english.06162020  |z Connect to this electronic book (First time users create your free account)  |t 0 
955 |a Comics Plus. 
999 f f |s 12cc7a57-d28a-4589-bb7f-ed810d46e7b8  |i 4449de7d-113f-4aac-b7ae-302f757d3a09  |t 0 
952 f f |a Texas A&M University  |b College Station  |c Electronic Resources  |d Available Online  |t 0  |h Library of Congress classification 
998 f f |t 0  |l Available Online